00557nam a22001937a 450000500170000000800410001702000310005802000280008904100080011708000080012510000240013324500460015726000490020330000300025250500240028263000270030665000160033365000140034920160127110302.0071017s2008 nyua 001 0 eng  a9780071496612 (alk. paper) a0071496610 (alk. paper)0 aeng a0041 aFreeman, Robert G.,10aOracle database 11g :cRobert G. Freeman. aNew York :bMcGraw-Hill/Oracle Press,c2008. a362 f. :bme il.;c23 cm. aIndex: f. 345 - 36200aOracle (Computer file) 0aKompjuterat 0aProgramet